000
00292nam a2200121Ia 4500
999
_c
3399
_d
3399
008
191201s2001 xx 000 0 und d
100
_a
ASTM
245
0
_a
Annual Book of ASTM Standerds 2001 Vol.2
260
_a
N.Delhi
_b
ASTM
_c
2001
300
_a
1296
650
_a
B.Tech(TE)
942
_2
ddc
_c
BK